|
|
|
|
| LEADER |
00000nam a2200000 a 4500 |
| 001 |
vtls001335575 |
| 003 |
SK-MaSNL |
| 005 |
20260301200527.0 |
| 008 |
210928s1990 xr 0 cze |
| 035 |
|
|
|a SNK000288548
|
| 040 |
|
|
|a SNK
|b slo
|c SNK
|e AACR2
|
| 041 |
0 |
|
|a cze
|
| 044 |
|
|
|a CZ
|
| 080 |
|
|
|a 667.28(082)
|2 1981
|
| 080 |
|
|
|a 667.5.032(082)
|2 1981
|
| 245 |
1 |
|
|a Colorchem '90
|b chemie, technologie a aplikace organických barviv a pigmentů, Špindlerův Mlýn 24. - 26. dubna 1990 : [sborník přednášek]
|
| 260 |
|
|
|a Pardubice
|b Pobočka ČSVTS Výzk. ústavu organických syntéz
|c 1990
|
| 300 |
|
|
|a 250 s.
|c 8°
|
| 500 |
|
|
|a Čiast. text rus., angl., slov.
|
| 650 |
0 |
7 |
|a organické farbivá
|2 SNK
|9 87945
|
| 650 |
0 |
7 |
|a pigmenty
|x chémia
|x technológia a využitie
|x zborníky
|2 SNK
|9 579833
|
| 958 |
|
|
|a RK
|
| 958 |
|
|
|a OND
|
| 999 |
|
|
|c 890872
|d 892802
|
| 952 |
|
|
|a SNK
|b SNK
|y PREZ
|7 0
|p 17A0897170
|o snkSC 76973
|0 0
|1 0
|4 0
|d 2012-08-11
|l 0
|r 2026-02-24 06:43:42
|w 2026-02-24
|
| 952 |
|
|
|t P60, <03>, [BOOK], {603}
|a SNK
|b SNK
|y PREZ
|7 0
|o snkSC 76973
|i snkKIP 4775/90
|0 0
|1 0
|4 0
|d 1998-06-26
|l 0
|r 2005-01-02 00:00:00
|w 2026-02-24
|
| 952 |
|
|
|t P60, <04>, [BOOK], {604}
|a SNK
|b SNK
|y VYP
|7 0
|o snkSC 76973 D1
|i snkKIP 4776/90
|0 0
|1 0
|4 0
|d 1998-06-26
|l 0
|r 2005-01-02 00:00:00
|w 2026-02-24
|
| 952 |
|
|
|t P60, <04>, [BOOK], {604}
|a SNK
|b SNK
|y VYP
|7 0
|p 17A0413032
|o snkSC 76973 D1
|i snkKIP 4776/90
|0 0
|1 0
|4 0
|d 2004-02-26
|l 0
|r 2005-01-02 00:00:00
|w 2026-02-24
|